[Event "60th ch-RUS Higher League"]
[Site "Krasnoyarsk RUS"]
[Date "2007.09.14"]
[Round "11"]
[White "Panarin, M."]
[Black "Belov, Vl"]
[Result "1/2-1/2"]
[WhiteElo "2529"]
[BlackElo "2590"]
[PlyCount "32"]
[EventDate "2007.09.03"]
[Source "www.chesslib.no"]
[SourceDate "2004.05.04"]

1. e4 e5 2. Nf3 Nc6 3. Nc3 Nf6 4. Bb5 Bd6 5. O-O O-O 6. Re1 Re8 7. d3 h6 8. a3 Bc5 9. b4 Bf8 10. Bc4 d6 11. h3 Be6 12. Nd5 Bxd5 13. exd5 Ne7 14. Bb5 Nd7 15. c4 Ng6 16. Be3 Qc8 1/2-1/2

[Event "BCF-chT 9899 (4NCL)"]
[Site "England"]
[Date "1999.01.25"]
[Round "6"]
[White "Nunn, John DM"]
[Black "Parker, Jonathan"]
[Result "1/2-1/2"]
[WhiteElo "2600"]
[BlackElo "2510"]
[PlyCount "105"]
[EventDate "1998.10.??"]
[Source "www.chesslib.no"]
[SourceDate "2004.05.04"]

1. e4 e5 2. Nf3 Nc6 3. Bb5 Nf6 4. Nc3 Nd4 5. O-O Nxb5 6. Nxb5 c6 7. Nc3 d6 8. d4 Qc7 9. h3 Be7 10. a4 h6 11. Be3 O-O 12. Qd3 a5 13. Rfd1 Be6 14. d5 cxd5 15. exd5 e4 16. Nxe4 Nxd5 17. Bd2 Rfc8 18. Nd4 Qc4 19. Qxc4 Rxc4 20. c3 Nf6 21. Ng3 Bf8 22. b3 Rcc8 23. Rac1 Nd7 24. Be3 d5 25. Nge2 Nf6 26. f3 Bd7 27. Kf2 Bc5 28. Nf4 b6 29. Nc2 g5 30. Nd3 Bxe3+ 31. Nxe3 Be6 32. Ne5 Rc5 33. Rd4 Rac8 34. Nd1 R5c7 35. Rc2 Kg7 36. Re2 Bf5 37. Ne3 Be6 38. c4 dxc4 39. N3xc4 Rb8 40. Rd6 Nd5 41. Nc6 Rbc8 42. Nd4 Nf4 43. Nxe6+ fxe6 44. Red2 Rc6 45. Rd7+ Kf6 46. Ne3 h5 47. g3 Ng6 48. Rh7 Ne5 49. f4 Kg6 50. Re7 gxf4 51. gxf4 Rf8 52. Rd4 Kh6 53. Re4 1/2-1/2

[Event "Quezon City Equitable Card"]
[Site "Quezon City"]
[Date "2000.07.07"]
[Round "8"]
[White "Antonio, Rogelio Jr"]
[Black "Dao Thien Hai"]
[Result "1/2-1/2"]
[WhiteElo "2551"]
[BlackElo "2550"]
[PlyCount "20"]
[EventDate "2000.06.30"]
[Source "www.chesslib.no"]
[SourceDate "2004.05.04"]

1. e4 e5 2. Nf3 Nf6 3. Nc3 Nc6 4. Bb5 Nd4 5. Ba4 c6 6. Nxe5 d5 7. exd5 Bd6 8. Nc4 O-O 9. Ne3 cxd5 10. h3 Qa5 1/2-1/2

[Event "4th IECC"]
[Site "Istanbul"]
[Date "2003.05.31"]
[Round "2"]
[White "Jenni, Florian"]
[Black "Pavasovic, Dusko"]
[Result "1/2-1/2"]
[WhiteElo "2516"]
[BlackElo "2584"]
[PlyCount "118"]
[EventDate "2003.05.30"]
[Source "Roberto Alvarez"]
[SourceDate "2003.06.23"]

1. e4 e5 2. Nf3 Nf6 3. Nc3 Nc6 4. Bb5 Bd6 5. d3 h6 6. Ne2 a6 7. Bxc6 dxc6 8. b3 Bg4 9. Ng3 Bb4+ 10. Kf1 Bc3 11. Rb1 Nh5 12. h3 Nxg3+ 13. fxg3 Bxf3 14. gxf3 Qd6 15. Kg2 O-O 16. Bd2 Bd4 17. Rf1 f5 18. exf5 Rxf5 19. Qe2 Qa3 20. c3 Bb6 21. Bc1 Qd6 22. Qe4 Rf7 23. Bb2 Rd8 24. Rbd1 Rfd7 25. c4 Bd4 26. Bxd4 Qxd4 27. Qxd4 Rxd4 28. Rde1 Rxd3 29. Rxe5 Kf7 30. Rf2 Re8 31. Rxe8 Kxe8 32. g4 b5 33. Rc2 Kd7 34. Kg3 g5 35. h4 gxh4+ 36. Kf4 bxc4 37. bxc4 Kd6 38. Rh2 Ra3 39. Rxh4 Rxa2 40. Rxh6+ Kc5 41. g5 Rg2 42. g6 Kb4 43. Kf5 a5 44. Rh7 a4 45. Rxc7 c5 46. Ra7 a3 47. g7 Kxc4 48. Kf6 Kb3 49. Rb7+ Kc3 50. Rb5 Kc4 51. Ra5 Kb4 52. Ra8 c4 53. g8=Q Rxg8 54. Rxg8 c3 55. f4 c2 56. Rg1 Kc3 57. f5 Kb2 58. Ke7 c1=Q 59. Rxc1 Kxc1 1/2-1/2

[Event "Leeuwarden Open"]
[Site "Leeuwarden NED"]
[Date "1995.??.??"]
[Round "5"]
[White "Nijboer, Friso"]
[Black "Huzman, Alexander"]
[Result "1/2-1/2"]
[WhiteElo "2510"]
[BlackElo "2590"]
[PlyCount "47"]
[EventDate "1995.08.??"]
[Source "www.chesslib.no"]
[SourceDate "2004.05.04"]

1. e4 e5 2. Nf3 Nf6 3. Nc3 Nc6 4. Bb5 Nd4 5. Ba4 Nxf3+ 6. Qxf3 Bb4 7. Ne2 O-O 8. c3 Ba5 9. d3 d5 10. Bg5 c6 11. Bb3 Be6 12. Ng3 h6 13. Bxf6 Qxf6 14. Qxf6 gxf6 15. Nh5 d4 16. Rc1 f5 17. Nf6+ Kh8 18. Bxe6 fxe6 19. Nd7 Rg8 20. O-O dxc3 21. bxc3 Kg7 22. Nc5 Bb6 23. Nd7 Bc7 24. Nc5 1/2-1/2

[Event "Playchess"]
[Site "?"]
[Date "2005.06.16"]
[Round "?"]
[White "Sommerbauer Norbert"]
[Black "Short Nigel D"]
[Result "0-1"]
[WhiteElo "2419"]
[BlackElo "2673"]
[PlyCount "62"]
[EventDate "2005.??.??"]
[Source "www.chesslib.no"]
[SourceDate "2004.05.04"]

1. e4 e5 2. Nf3 Nc6 3. Nc3 Nf6 4. Bb5 Bd6 5. O-O O-O 6. d3 h6 7. h3 a6 8. Bc4 Na5 9. Be3 Re8 10. a3 Nxc4 11. dxc4 Bf8 12. c5 d6 13. cxd6 Bxd6 14. Qd2 Be6 15. Rad1 Qe7 16. Rfe1 Rad8 17. Nd5 Nxd5 18. exd5 Bf5 19. c4 Qf6 20. Nh2 Qg6 21. Kh1 Bf8 22. f3 c6 23. Ng4 cxd5 24. cxd5 e4 25. fxe4 Bxg4 26. hxg4 Rxe4 27. g5 hxg5 28. Bxg5 Qh5+ 29. Kg1 Bc5+ 30. Be3 Rxe3 31. Rxe3 Bxe3+ 0-1

[Event "Bundesliga 2002-3"]
[Site "Baden Oos"]
[Date "2003.03.29"]
[Round "14"]
[White "Keitlinghaus, Ludger"]
[Black "Van den Doel, Erik"]
[Result "1/2-1/2"]
[WhiteElo "2500"]
[BlackElo "2587"]
[PlyCount "123"]
[EventDate "2003.01.10"]
[Source "Roberto Alvarez"]
[SourceDate "2003.03.31"]

1. e4 e5 2. Nf3 Nc6 3. Nc3 Nf6 4. Bb5 Bd6 5. a3 O-O 6. Bc4 Nd4 7. d3 c6 8. Nxd4 exd4 9. Ne2 Bc7 10. O-O d5 11. exd5 Nxd5 12. Nxd4 Bxh2+ 13. Kxh2 Qh4+ 14. Kg1 Qxd4 15. c3 Qf6 16. Bxd5 cxd5 17. d4 Re8 18. Re1 Bf5 19. Bf4 Be4 20. Be5 Qb6 21. Qd2 Re6 22. Re3 Rg6 23. Rg3 Re8 24. Bf4 Rge6 25. Re1 f6 26. Qc1 Bf5 27. Rge3 g5 28. Rxe6 Rxe6 29. Rxe6 Qxe6 30. Bb8 a6 31. Qe3 Qxe3 32. fxe3 Kf7 33. a4 Bc2 34. a5 Ke6 35. Kf2 Kf5 36. Bc7 h5 37. g3 Ba4 38. b4 h4 39. gxh4 gxh4 40. Bd8 Bc2 41. Kg2 Kg5 42. Be7 Bf5 43. Bd8 Kg6 44. Kh2 Kf7 45. Kg2 Ke6 46. Kh2 Bg4 47. Kg2 Kf5 48. Be7 Kg5 49. Bd8 Be2 50. Be7 Bg4 51. Bd8 Kg6 52. Kh2 Kf7 53. Kg2 h3+ 54. Kg3 Bf5 55. Kh2 Ke6 56. Kg3 Bg4 57. Kf2 Be2 58. Kg1 f5 59. Bc7 Kd7 60. Bf4 Kc6 61. Kf2 Bg4 62. Ke1 1/2-1/2

[Event "11th GM"]
[Site "Lippstadt"]
[Date "2003.08.11"]
[Round "5"]
[White "Jenni, Florian"]
[Black "Gustafsson, Jan"]
[Result "1-0"]
[WhiteElo "2508"]
[BlackElo "2570"]
[PlyCount "125"]
[EventDate "2003.08.07"]
[Source "Roberto Alvarez"]
[SourceDate "2003.08.18"]

1. e4 e5 2. Nf3 Nf6 3. Nc3 Nc6 4. Bb5 Nd4 5. Ba4 Bc5 6. Nxe5 O-O 7. Nd3 Bb6 8. e5 Ne8 9. O-O d6 10. exd6 Nxd6 11. Nd5 c6 12. Ne3 Qh4 13. c3 N4f5 14. Ne5 c5 15. Nf3 Qh5 16. d4 Be6 17. Nxf5 Nxf5 18. d5 Rad8 19. c4 Bc7 20. h3 Bc8 21. Re1 h6 22. Bc2 b5 23. b3 Nd6 24. cxb5 Rfe8 25. Bb2 Rxe1+ 26. Nxe1 Qxd1 27. Rxd1 Nxb5 28. Nf3 Ba5 29. Ne5 Bb7 30. Nc6 Bxc6 31. dxc6 Nd4 32. Bxd4 Rxd4 33. Rc1 Bb6 34. Re1 Kf8 35. Bf5 g6 36. Bd7 c4 37. bxc4 Rxc4 38. Re2 h5 39. g3 h4 40. g4 g5 41. Kg2 Rc3 42. a4 f6 43. Ra2 Ba5 44. Rb2 Bb6 45. Re2 Kg7 46. Ra2 Ba5 47. Rb2 Bb6 48. Rb5 Rc2 49. Kf1 Kf8 50. a5 Bc7 51. a6 Ke7 52. Rb7 Kd6 53. Rxa7 Rxf2+ 54. Kxf2 Bb6+ 55. Kf3 Bxa7 56. Ke4 Bb6 57. Kf5 Bd4 58. Be8 Kc7 59. Ke6 Kd8 60. Kd6 Be5+ 61. Kc5 Bg3 62. a7 Bf2+ 63. Kd6 1-0

[Event "Island-France"]
[Site "?"]
[Date "1993.??.??"]
[Round "?"]
[White "Hjartarson, J."]
[Black "Koch, J._R."]
[Result "1-0"]
[WhiteElo "2625"]
[BlackElo "2450"]
[PlyCount "107"]
[EventDate "1993.??.??"]
[Source "ChessBase"]
[SourceDate "1993.02.01"]

1. e4 e5 2. Nf3 Nf6 3. Nc3 Nc6 4. Bb5 Nd4 5. Ba4 Bc5 6. Nxe5 O-O 7. Nd3 Bb6 8. e5 Ne8 9. Nd5 Qg5 10. Ne3 d6 11. exd6 Nxd6 12. O-O N4f5 13. Ne1 Nxe3 14. fxe3 Bg4 15. Nf3 Qe7 16. Kh1 f5 17. d3 Bxe3 18. Bxe3 Qxe3 19. Qe1 Qxe1 20. Raxe1 Bxf3 21. Rxf3 c6 22. Bb3+ Kh8 23. Rfe3 Rae8 24. h4 Rxe3 25. Rxe3 Re8 26. Rxe8+ Nxe8 27. h5 h6 28. Kg1 g5 29. hxg6 Kg7 30. Bf7 Nd6 31. Kf2 Nxf7 32. gxf7 Kxf7 33. Kg3 Kg6 34. Kf4 Kf6 35. d4 b5 36. c3 a5 37. b3 a4 38. c4 Ke6 39. Kg3 bxc4 40. bxc4 a3 41. Kf4 Kf6 42. d5 cxd5 43. cxd5 Ke7 44. Kxf5 Kd6 45. Ke4 h5 46. g3 Kd7 47. Kd4 Kd6 48. Kc4 Kd7 49. Kc5 Kc7 50. d6+ Kd7 51. Kd5 Kd8 52. Kc6 Kc8 53. Kb5 Kd7 54. Kc5 1-0

[Event "Capablanca mem-A"]
[Site "CUB"]
[Date "1994.??.??"]
[Round "8"]
[White "Hernandez, Gilberto"]
[Black "Miles, Anthony J"]
[Result "0-1"]
[WhiteElo "2485"]
[BlackElo "2590"]
[PlyCount "56"]
[EventDate "1994.??.??"]
[Source "ChessBase"]

1. e4 Nf6 2. Nc3 e5 3. Nf3 Nc6 4. Bb5 Nd4 5. Ba4 c6 6. O-O Qa5 7. Re1 d6 8. h3 b5 9. b4 Qxb4 10. Rb1 Nxf3+ 11. Qxf3 Qd4 12. Bxb5 cxb5 13. Nxb5 Qc4 14. Re3 Qxc2 15. Na3 Qa4 16. Nb5 Qc2 17. Na3 Qc6 18. Nb5 Nd7 19. d4 a6 20. d5 Qb6 21. Na3 Qd8 22. Bd2 Be7 23. Nc4 a5 24. Ra3 a4 25. Bb4 Ra6 26. Qd1 O-O 27. Rxa4 Rxa4 28. Qxa4 Nb6 0-1

[Event "I Open"]
[Site "Illes Medes SPA"]
[Date "2007.01.03"]
[Round "8"]
[White "Delchev, A."]
[Black "Landenbergue, C."]
[Result "0-1"]
[WhiteElo "2628"]
[BlackElo "2446"]
[PlyCount "110"]
[EventDate "2006.12.28"]
[Source "www.chesslib.no"]
[SourceDate "2004.05.04"]

1. e4 e5 2. Nf3 Nc6 3. Nc3 Nf6 4. Bb5 Bd6 5. a3 a6 6. Bc4 Bc5 7. d3 d6 8. Be3 Nd4 9. h3 c6 10. Ba2 O-O 11. O-O a5 12. Bxd4 exd4 13. Ne2 a4 14. Rb1 d5 15. Nexd4 dxe4 16. dxe4 Nxe4 17. Re1 Nf6 18. c3 Nd5 19. Qd2 Qf6 20. Bxd5 cxd5 21. Rbd1 h6 22. Re5 Bxd4 23. Qxd4 Bxh3 24. Rxd5 Qg6 25. Nh4 Qg4 26. Kh2 Qxd4 27. R5xd4 Be6 28. Nf3 b5 29. Rd6 Rfe8 30. Kg3 Bc4 31. Nd4 Re5 32. Nf3 Ree8 33. Nd4 Kh7 34. Rd7 Ra6 35. f3 Rg6+ 36. Kh2 Rg5 37. g4 Rge5 38. Rd2 h5 39. gxh5 Rxh5+ 40. Kg3 Re1 41. Kf4 Rhh1 42. Kg3 Rh5 43. Kf4 g6 44. Nc6 Rf5+ 45. Kg3 Rg1+ 46. Kh2 Rgg5 47. Nd4 Rf4 48. Rg2 Rh4+ 49. Kg1 Re5 50. Kf2 Rh1 51. f4 Rf1+ 52. Kg3 Re3+ 53. Kg4 Re4 54. Nf3 Be6+ 55. Kg3 Re3 0-1

[Event "First Saturday GM - Giugno 2007"]
[Site "Budapest UNG"]
[Date "2007.06.10"]
[Round "9"]
[White "Vajda, Levente"]
[Black "Bluvshtein, Mark"]
[Result "1/2-1/2"]
[WhiteElo "2549"]
[BlackElo "2520"]
[PlyCount "62"]
[EventDate "2007.06.02"]
[Source "www.chesslib.no"]
[SourceDate "2004.05.04"]

1. e4 e5 2. Nf3 Nf6 3. Nc3 Nc6 4. Bb5 Nd4 5. Ba4 c6 6. Nxe5 d5 7. d3 Bd6 8. Nf3 Nxf3+ 9. gxf3 O-O 10. Ne2 Nh5 11. c3 Qh4 12. Be3 f5 13. exd5 f4 14. Bc1 Bd7 15. Qb3 Rae8 16. dxc6+ Be6 17. Qxb7 Ng3 18. Rg1 Qxh2 19. c7 Bd7 20. Be3 Bxa4 21. Qd5+ Kh8 22. Qxd6 Rf6 23. c8=Q Rxc8 24. Qe5 Re8 25. Qc7 g6 26. Rxg3 fxe3 27. fxe3 Rxf3 28. Qxa7 Rf2 29. Qd4+ Kg8 30. Qd5+ Kg7 31. Qd4+ Kg8 1/2-1/2

[Event "Yerevan"]
[Site "?"]
[Date "2004.??.??"]
[Round "?"]
[White "Areshchenko, A."]
[Black "Frolyanov, D."]
[Result "0-1"]
[WhiteElo "2580"]
[BlackElo "2485"]
[PlyCount "58"]
[EventDate "2004.??.??"]
[Source "Chess Informant"]
[SourceDate "2004.10.01"]

1. e4 e5 2. Nf3 Nf6 3. Nc3 Nc6 4. Bb5 Nd4 5. Ba4 Bc5 6. O-O O-O 7. d3 d6 8. Nxd4 Bxd4 9. Bg5 h6 10. Bh4 g5 11. Bg3 h5 12. h3 h4 13. Bh2 Kh7 14. Kh1 g4 15. hxg4 Nxg4 16. Qe2 Nxh2 17. Kxh2 Qg5 18. Nd5 c6 19. c3 cxd5 20. cxd4 Rg8 21. Rg1 exd4 22. exd5 Bf5 23. Rae1 Rg6 24. Be8 Qf4+ 25. Kh1 Kg7 26. f3 Rg3 27. Qe7 Bg6 28. Qxb7 h3 29. Qxa8 Qh4 0-1

[Event "Cup Russia"]
[Site "Serpukhov RUS"]
[Date "2007.11.06"]
[Round "1.6"]
[White "Panarin, M."]
[Black "Iljin, A."]
[Result "0-1"]
[WhiteElo "2500"]
[BlackElo "2565"]
[PlyCount "110"]
[EventDate "2007.11.05"]
[Source "www.chesslib.no"]
[SourceDate "2004.05.04"]

1. e4 e5 2. Nf3 Nf6 3. Nc3 Nc6 4. Bb5 Bc5 5. O-O O-O 6. Nxe5 Nxe5 7. d4 Bd6 8. f4 Neg4 9. e5 Be7 10. h3 d6 11. hxg4 Bxg4 12. Qd3 Nh5 13. Ne4 Bf5 14. Nf6+ Nxf6 15. Qxf5 dxe5 16. dxe5 Qd4+ 17. Kh2 Nd5 18. Bd3 g6 19. Qe4 Qxe4 20. Bxe4 c6 21. c4 Nb6 22. b3 Nd7 23. Be3 Bc5 24. Rad1 Bxe3 25. Rxd7 Rad8 26. Rxb7 Rd4 27. Bxc6 Bxf4+ 28. Kh3 Bxe5 29. Rxa7 g5 30. g4 Rd3+ 31. Bf3 Rd2 32. Bg2 Rfd8 33. Rf3 Bf4 34. Rxf4 gxf4 35. Bd5 f3 36. Kg3 f2 37. Kg2 Rd6 38. g5 h6 39. Bxf7+ Kf8 40. Bd5 hxg5 41. Rf7+ Ke8 42. Rxf2 Rxf2+ 43. Kxf2 Ra6 44. a4 Kd7 45. Ke3 Kd6 46. Kd4 g4 47. c5+ Kc7 48. Kc4 g3 49. Bg2 Rf6 50. b4 Rf2 51. Bd5 g2 52. b5 g1=Q 53. b6+ Kb8 54. c6 Rc2+ 55. Kb3 Qb1+ 0-1

[Event "EU-chT (Men)"]
[Site "Pula"]
[Date "1997.??.??"]
[Round "7"]
[White "Gallagher, Joseph G"]
[Black "Degraeve, Jean Marc"]
[Result "1/2-1/2"]
[WhiteElo "2545"]
[BlackElo "2515"]
[PlyCount "80"]
[EventDate "1997.05.05"]
[Source "ChessBase"]

1. e4 e5 2. Nc3 Nc6 3. Nf3 Nf6 4. Bb5 Nd4 5. Ba4 Bc5 6. Nxe5 O-O 7. Nd3 Bb6 8. e5 Ne8 9. Nd5 d6 10. Ne3 dxe5 11. Nxe5 Qg5 12. N5c4 f5 13. f4 Qxf4 14. c3 Qh4+ 15. g3 Qh3 16. cxd4 f4 17. Rf1 fxe3 18. Rxf8+ Kxf8 19. Qf3+ Nf6 20. dxe3 Qxh2 21. Qf2 Qxf2+ 22. Kxf2 Be6 23. Nxb6 axb6 24. Bc2 Bd5 25. Bd2 Re8 26. a4 Re6 27. a5 b5 28. Rf1 Ke8 29. Kg1 b4 30. Bxb4 Rxe3 31. Re1 Rxe1+ 32. Bxe1 Kd7 33. Kf2 Ke6 34. Ke3 g5 35. Bd3 c6 36. b4 h6 37. b5 cxb5 38. Bxb5 Kf5 39. a6 bxa6 40. Bxa6 Ng4+ 1/2-1/2

[Event "Bundesliga 2007-8"]
[Site "Godesberg GER"]
[Date "2008.02.09"]
[Round "8"]
[White "Popovic, Pe"]
[Black "Nyback, T."]
[Result "1/2-1/2"]
[WhiteElo "2480"]
[BlackElo "2579"]
[PlyCount "98"]
[EventDate "2008.02.09"]
[Source "www.chesslib.no"]
[SourceDate "2004.05.04"]

1. e4 e5 2. Nf3 Nc6 3. Nc3 Nf6 4. Bb5 Bd6 5. O-O O-O 6. d3 h6 7. Ne2 Re8 8. c3 Bf8 9. Ng3 d6 10. Re1 Bd7 11. Ba4 g6 12. h3 Na5 13. Bc2 c5 14. d4 cxd4 15. cxd4 Nc6 16. b3 Rc8 17. Bb2 Nb4 18. Bb1 Nc6 19. Qd2 Qb6 20. d5 Nb4 21. Bc3 a5 22. Re3 Rc5 23. a3 Na6 24. b4 axb4 25. axb4 Rcc8 26. Bd3 Bb5 27. Bxb5 Qxb5 28. Ra5 Qc4 29. Qb2 h5 30. Nd2 Qc7 31. Rf3 Bg7 32. Ra1 Nd7 33. Ngf1 Nb6 34. b5 Nc5 35. Ba5 Ra8 36. Rfa3 Ncd7 37. Ne3 Bh6 38. Ndc4 Nxc4 39. Bxc7 Rxa3 40. Qb1 Rxa1 41. Qxa1 Nxe3 42. fxe3 Bxe3+ 43. Kh1 Bc5 44. Qa4 Nf6 45. b6 Kg7 46. Kh2 h4 47. Qa7 Nxe4 48. Qxb7 Ng3 49. Qc6 Nf1+ 1/2-1/2

[Event "Vidmar mem"]
[Site "Portoroz"]
[Date "2001.07.03"]
[Round "1"]
[White "Mikhalchishin, Adrian"]
[Black "Pavasovic, Dusko"]
[Result "1/2-1/2"]
[WhiteElo "2518"]
[BlackElo "2539"]
[PlyCount "31"]
[EventDate "2001.07.03"]
[Source "ChessBase"]
[SourceDate "2001.11.13"]

1. e4 e5 2. Nf3 Nc6 3. Bb5 Nf6 4. Nc3 Nd4 5. Nxd4 exd4 6. e5 dxc3 7. exf6 Qxf6 8. dxc3 Qe5+ 9. Qe2 Qxe2+ 10. Kxe2 c6 11. Bd3 d5 12. Be3 Bd6 13. c4 Be6 14. cxd5 Bxd5 15. c4 Be6 16. Rad1 1/2-1/2

[Event "Dos Hermanas op"]
[Site "Dos Hermanas"]
[Date "1998.??.??"]
[Round "8"]
[White "Hamdouchi, Hichem"]
[Black "Campora, Daniel H"]
[Result "1-0"]
[WhiteElo "2535"]
[BlackElo "2520"]
[PlyCount "113"]
[EventDate "1998.04.17"]
[Source "www.chesslib.no"]
[SourceDate "2004.05.04"]

1. e4 e5 2. Nf3 Nc6 3. Bb5 Nf6 4. Nc3 d6 5. d4 Bd7 6. O-O Be7 7. Bxc6 Bxc6 8. Qd3 exd4 9. Nxd4 Bd7 10. b3 O-O 11. Bb2 Re8 12. f4 Bf8 13. Rae1 c5 14. Nf3 Bc6 15. Nd5 Bxd5 16. exd5 h6 17. c4 a6 18. a4 Rb8 19. h3 Rxe1 20. Rxe1 Ne8 21. Nd2 b5 22. axb5 axb5 23. Bc3 b4 24. Bb2 Ra8 25. Re2 Be7 26. Ne4 Bh4 27. Qf3 Bf6 28. Nxf6+ Nxf6 29. Kh2 Ne8 30. Qg4 Nf6 31. Qg3 Nh5 32. Qf3 Nf6 33. Qd3 Nh7 34. Re3 Nf6 35. Qd1 Kf8 36. Qb1 Kg8 37. Qe1 Kf8 38. Re2 Nh5 39. Qf2 Nf6 40. Qe3 Kg8 41. g4 Nh7 42. Kg3 Nf8 43. h4 Qd7 44. Qe4 f6 45. g5 f5 46. Qe7 Ra7 47. Qxd7 Rxd7 48. h5 hxg5 49. fxg5 g6 50. Kf4 gxh5 51. Kxf5 Kf7 52. Re6 Re7 53. g6+ Nxg6 54. Rf6+ Ke8 55. Rxg6 h4 56. Rxd6 h3 57. Be5 1-0

[Event "Saint-Vincent"]
[Site "?"]
[Date "2004.??.??"]
[Round "?"]
[White "Drabke, L."]
[Black "Delchev, A."]
[Result "1/2-1/2"]
[WhiteElo "2435"]
[BlackElo "2620"]
[PlyCount "38"]
[EventDate "2004.??.??"]
[Source "Chess Informant"]
[SourceDate "2004.02.01"]

1. e4 e5 2. Nf3 Nf6 3. Nc3 Nc6 4. Bb5 Nd4 5. Bc4 Bc5 6. Nxe5 Qe7 7. Nf3 d5 8. Bxd5 Bg4 9. d3 c6 10. Bb3 Nd7 11. Bg5 Nxf3+ 12. gxf3 Qxg5 13. fxg4 Ne5 14. Na4 Bxf2+ 15. Kxf2 Nxg4+ 16. Ke1 Qh4+ 17. Kd2 Qg5+ 18. Ke1 Qh4+ 19. Kd2 Qg5+ 1/2-1/2

[Event "Mind Sports Games - Rapid Team"]
[Site "Pechino CINA"]
[Date "2008.10.15"]
[Round "5"]
[White "Leon Hoyos, M."]
[Black "Ragger, M."]
[Result "1/2-1/2"]
[WhiteElo "2535"]
[BlackElo "2518"]
[PlyCount "68"]
[EventDate "2008.10.14"]
[Source "www.chesslib.no"]
[SourceDate "2004.05.04"]

1. e4 e5 2. Nf3 Nc6 3. Nc3 Nf6 4. Bb5 Bd6 5. O-O O-O 6. d3 a6 7. Bc4 Bc5 8. Bg5 h6 9. Bxf6 Qxf6 10. Nd5 Qd8 11. c3 d6 12. d4 Ba7 13. h3 Be6 14. b4 exd4 15. cxd4 Bxd5 16. Bxd5 Nxb4 17. Bxb7 Rb8 18. a3 Rxb7 19. axb4 Rxb4 20. Rxa6 Bb6 21. Qd2 Rb3 22. Qf4 Qe8 23. Rfa1 Qb5 24. h4 Rb1+ 25. Kh2 Rxa1 26. Rxa1 Qb2 27. Rd1 Qxf2 28. Rd2 Qf1 29. h5 Qb5 30. g4 f6 31. Qf5 Qb3 32. Kg2 Re8 33. e5 dxe5 34. dxe5 Qe6 1/2-1/2

[Event "Tatry Open"]
[Site "Tatranske Zruby"]
[Date "2004.10.01"]
[Round "8"]
[White "Mrva, Martin"]
[Black "Stocek, Jiri"]
[Result "0-1"]
[WhiteElo "2495"]
[BlackElo "2557"]
[PlyCount "72"]
[EventDate "2004.09.25"]
[Source "Roberto Alvarez"]
[SourceDate "2004.10.05"]

1. e4 e5 2. Nf3 Nc6 3. Bb5 Nf6 4. Nc3 Nd4 5. Ba4 c6 6. O-O Qa5 7. Re1 d6 8. h3 Be7 9. d3 b5 10. Bb3 Nxb3 11. cxb3 O-O 12. d4 b4 13. Nb1 exd4 14. Nxd4 Qb6 15. Nf3 Re8 16. Bg5 h6 17. Bf4 d5 18. exd5 cxd5 19. Be3 Qa6 20. Nd4 Bd7 21. Nd2 Ne4 22. N2f3 Bf6 23. a3 Qb7 24. axb4 Qxb4 25. Ra6 Bd8 26. Qa1 Qb7 27. Rd1 Bb6 28. Nc2 Bb5 29. Ra3 Be2 30. Re1 Bxf3 31. gxf3 d4 32. Nxd4 Ng5 33. f4 Nxh3+ 34. Kh2 Nxf4 35. Rg1 Bc7 36. Nf5 Nh5+ 0-1

[Event "Venice"]
[Site "Venice ITA"]
[Date "1974.??.??"]
[Round "10"]
[White "Timman, Jan H"]
[Black "Benko, Pal C"]
[Result "1/2-1/2"]
[WhiteElo "2540"]
[BlackElo "2510"]
[PlyCount "44"]
[EventDate "1974.??.??"]
[Source "www.chesslib.no"]
[SourceDate "2004.05.04"]

1. e4 e5 2. Nf3 Nf6 3. Nc3 Nc6 4. Bb5 Nd4 5. O-O Nxb5 6. Nxb5 c6 7. Nc3 d6 8. d4 Qc7 9. a4 Be7 10. h3 O-O 11. b3 Re8 12. Re1 b6 13. Bg5 a6 14. d5 c5 15. Nh4 g6 16. Qd2 Nh5 17. Nf3 Bxg5 18. Qxg5 f6 19. Qe3 Bd7 20. Ra2 Rf8 21. Ne2 Ng7 22. Nd2 b5 1/2-1/2

[Event "Ch (Men) Szekesfehervar HUN"]
[Site "?"]
[Date "2006.03.01"]
[Round "1"]
[White "Szabo Krisztian"]
[Black "Gyimesi Zoltan"]
[Result "0-1"]
[WhiteElo "2447"]
[BlackElo "2602"]
[PlyCount "70"]
[EventDate "2006.??.??"]
[Source "www.chesslib.no"]
[SourceDate "2004.05.04"]

1. e4 e5 2. Nf3 Nc6 3. Nc3 Nf6 4. Bb5 Bd6 5. O-O O-O 6. d3 h6 7. h3 Re8 8. Be3 a6 9. Bxc6 dxc6 10. d4 exd4 11. Qxd4 c5 12. Qd3 Bd7 13. e5 Bxe5 14. Bxc5 Bxc3 15. bxc3 Bc6 16. Rfe1 Qxd3 17. cxd3 Bxf3 18. gxf3 Nd5 19. Bd4 Nf4 20. Re3 Nxh3+ 21. Kh2 Nf4 22. Rae1 Re6 23. Rxe6 Nxe6 24. Be5 Rd8 25. d4 c5 26. dxc5 Nxc5 27. Bd4 Ne6 28. Be3 Rc8 29. Bd2 Rc4 30. Re2 Kf8 31. Kg3 Ke7 32. f4 f5 33. Kf3 Kf6 34. a3 Nc5 35. Re3 Re4 0-1

[Event "LTU-ch"]
[Site "Kaunas"]
[Date "2001.05.11"]
[Round "2"]
[White "Malisauskas, Vidmantas"]
[Black "Sulskis, Sarunas"]
[Result "1/2-1/2"]
[WhiteElo "2518"]
[BlackElo "2530"]
[PlyCount "154"]
[EventDate "2001.05.10"]
[Source "ChessBase"]
[SourceDate "2001.07.03"]

1. e4 e5 2. Nf3 Nf6 3. Nc3 Nc6 4. Bb5 Nd4 5. Bc4 Nxe4 6. Nxe5 Nd6 7. Bd3 g6 8. Qg4 Nc6 9. Nf3 Bg7 10. O-O O-O 11. b3 Ne8 12. Bb2 d6 13. Qf4 Ne5 14. Be2 c6 15. d4 Nxf3+ 16. Bxf3 Nc7 17. Qd2 d5 18. Ne2 Re8 19. Rfe1 Ne6 20. Ng3 Qh4 21. c4 Rd8 22. cxd5 cxd5 23. Rad1 b6 24. Nf1 Ng5 25. Be2 Ne4 26. Qe3 Bh6 27. Qf3 Re8 28. Ng3 Bd7 29. Nxe4 dxe4 30. Qg3 Qxg3 31. hxg3 Rac8 32. Bc1 Bf8 33. a4 Rc3 34. Bc4 Bxa4 35. Bxf7+ Kxf7 36. bxa4 Rc4 37. a5 bxa5 38. d5 a4 39. d6 Rd8 40. Ba3 Ke6 41. Re2 Kd7 42. f3 Kc6 43. fxe4 Bxd6 44. Kh1 Bc7 45. Rxd8 Bxd8 46. e5 Rc3 47. Bf8 Bb6 48. e6 Re3 49. Rc2+ Kb5 50. e7 a3 51. Rc3 Re1+ 52. Kh2 a2 53. Rb3+ Kc6 54. Ra3 Bg1+ 55. Kh3 Bc5 56. Rxa2 Bxe7 57. Bxe7 Rxe7 58. Ra1 Kb6 59. Rb1+ Kc7 60. Ra1 Kb7 61. Rb1+ Ka8 62. Ra1 Re5 63. Kg4 Rf5 64. Re1 Rh5 65. Kf4 a5 66. Re8+ Ka7 67. Re7+ Kb6 68. g4 Rh1 69. Re6+ Kc5 70. Re5+ Kb4 71. Re4+ Kb3 72. Re3+ Kb4 73. Re4+ Kc5 74. Re5+ Kb6 75. Re6+ Kb7 76. Re7+ Kc6 77. Re6+ Kc5 1/2-1/2

[Event "Vinkovci"]
[Site "Vinkovci"]
[Date "1995.??.??"]
[Round "?"]
[White "Palac, Mladen"]
[Black "Zelcic, Robert"]
[Result "1/2-1/2"]
[WhiteElo "2545"]
[BlackElo "2500"]
[PlyCount "40"]
[EventDate "1995.04.??"]
[Source "ChessBase"]

1. e4 Nc6 2. Nc3 e5 3. Nf3 Nf6 4. Bb5 d6 5. d4 exd4 6. Qxd4 Bd7 7. Bxc6 Bxc6 8. Bg5 Be7 9. O-O-O O-O 10. Rhe1 Nd7 11. Bxe7 Qxe7 12. Nd5 Bxd5 13. Qxd5 Qe6 14. e5 Qxd5 15. Rxd5 Nxe5 16. Nxe5 dxe5 17. Rexe5 Rfe8 18. Rxe8+ Rxe8 19. Rd7 Rc8 20. Kd2 Kf8 1/2-1/2

[Event "Parnu-B"]
[Site "Parnu"]
[Date "1996.??.??"]
[Round "8"]
[White "Kveinys, Aloyzas"]
[Black "Gyimesi, Zoltan"]
[Result "1-0"]
[WhiteElo "2500"]
[BlackElo "2545"]
[PlyCount "73"]
[EventDate "1996.02.??"]
[Source "ChessBase"]

1. e4 e5 2. Nf3 Nc6 3. Bb5 Nf6 4. Nc3 Nd4 5. Ba4 c6 6. O-O b5 7. Bb3 Nxb3 8. axb3 Qc7 9. d4 d6 10. Re1 Be7 11. Qd3 O-O 12. h3 a6 13. Ne2 Rd8 14. Ng3 g6 15. Bd2 Re8 16. Ba5 Qb8 17. dxe5 dxe5 18. Qc3 Bb7 19. b4 Bf8 20. Rad1 h6 21. Rd3 Bg7 22. Nd2 h5 23. Ngf1 Qa7 24. Nb3 Bc8 25. Nfd2 Be6 26. Nc5 Nd7 27. Nxd7 Bxd7 28. Nb3 Bf8 29. Red1 Be6 30. Nc5 Bxc5 31. bxc5 Rab8 32. Rd6 Qb7 33. Qxe5 b4 34. Qf6 Qb5 35. Bc7 Rbc8 36. Rd8 Qxc5 37. Be5 1-0